01009nam a2200265 a 450000100060000000300080000600500170001400800410003102000320007203500200010404000260012404100080015008200360015811000440019424500940023826000240033230000330035649000270038950000320041665000600044883000350050894200130054399900170055695201700057360230BD-RjUL20211209080821.0161229s2011 bg a|||| ||||o00| 0 eng d a9845089429c: Complimentary a(BD-RjUL) 60354 aBD-RjULbengcBD-RjUL aeng 223a630.95492021bMAD 2011 (ZS) aBangladesh Bureau Of Statistics917926610aCensus of agriculture, 2008 :bZila series, Madaripur /cBangladesh Bureau Of Statistics. aDhaka:bBBS,c2011. axvi, 244 p. :bill.;c28 cm. aZila series, Madaripur aChiefly statistical tables. aAgriculturezBangladeshz MadaripurvStatistics9179290 aZila series, Madaripur9179291 2ddccRAR c60230d60230 00102ddc40718RAREaRUCLbRUCLcRared2012-03-07eRajshahi, Ancholik Statistics Officel0oRA 630.95492021 MAD 2011(ZS)r2016-12-29 00:00:00tC-1w2021-12-09yRAR